000 00485nam a2200181Ia 4500
003 GCL
008 140319s9999 xx 000 0 ara d
040 _aGCL /
_cGCL
082 0 4 _a641.7
_bم ا
100 1 _aماجدة كلاب
245 1 0 _aالابداع فى الطبخ /
_cماجدة كلاب
260 _a[S.N] :
_bدار الفلسفة ،
_c1992
300 _a264 ص
490 _a
650 0 4 _aالاقتصاد المنزلى
650 0 4 _aالطهى
942 _2ddc
_cBK
999 _c55065
_d55065